01241nam a22003254a 4500001001200000003000800012006001900020007001500039008004100054010001700095020003600112040002100148035002100169050002700190082001500217100002100232245010100253246003400354250001200388260004100400300001800441504006400459533015200523650001700675650002700692655002900719700002400748710001700772856012600789ebr10178139CaPaEBRm u cr cn|||||||||050830s2006 nyu sb 001 0ceng  z 2005025021 z0765616815 (cloth : alk. paper) aCaPaEBRcCaPaEBR a(OCoLC)25398337814aLB1029.C37bN38 2006eb04a371.392221 aNaumes, William.14aThe art & craft of case writingh[electronic resource] /cWilliam Naumes and Margaret J. Naumes.3 aArt and craft of case writing a2nd ed. aArmonk, N.Y. :bM.E. Sharpe,cc2006. axxiii, 271 p. aIncludes bibliographical references (p. 243-256) and index. aElectronic reproduction.bPalo Alto, Calif. :cebrary,d2013.nAvailable via World Wide Web.nAccess may be limited to ebrary affiliated libraries. 0aCase method. 0aTextbooksxAuthorship. 7aElectronic books.2local1 aNaumes, Margaret J.2 aebrary, Inc.40uhttp://site.ebrary.com/lib/rucke/Doc?id=10178139zAn electronic book accessible through the World Wide Web; click to view